| 000 | 00954cam a22002893a 4500 | ||
|---|---|---|---|
| 001 | 39104 | ||
| 003 | PGUSA | ||
| 005 | 20140828083851.0 | ||
| 008 | 120311s2012||||xxu|||||s|||||000 | eng d | ||
| 040 |
_aPGUSA _beng |
||
| 042 | _adc | ||
| 050 | 4 | _aDA | |
| 100 | 1 |
_aStanton, Henry B. _q(Henry Brewster), _d1805-1887 |
|
| 245 | 1 | 0 |
_aSketches of Reforms and Reformers, of Great Britain and Ireland _h[electronic resource] / _cHenry B. Stanton |
| 260 |
_bProject Gutenberg, _c2012 |
||
| 506 | _aPublic domain in the USA. | ||
| 516 | _aElectronic text | ||
| 653 | _aIreland -- Politics and government | ||
| 653 | _aGreat Britain -- Politics and government | ||
| 653 | _aSocial reformers -- Great Britain | ||
| 653 | _aIreland -- Social conditions | ||
| 653 | _aGreat Britain -- Social conditions | ||
| 653 | _aSocial reformers -- Ireland | ||
| 830 | 0 |
_aProject Gutenberg _v39104 |
|
| 856 | 4 | 0 | _uhttp://www.gutenberg.org/ebooks/39104 |
| 942 | _cEB | ||
| 999 |
_c268357 _d268357 |
||